书目信息 |
| 题名: |
民族高校卓越法律人才培养模式研究
|
|
| 作者: | 安静 编著 | |
| 分册: | ||
| 出版信息: | 成都 西南交通大学出版社 2019 |
|
| 页数: | 224页 | |
| 开本: | 21cm | |
| 丛书名: | ||
| 单 册: | ||
| 中图分类: | D92-4 , D92 | |
| 科图分类: | ||
| 主题词: | 高等学校--法律--人才培养--培养模式--研究--中国 | |
| 电子资源: | ||
| ISBN: | 978-7-5643-6719-0 | |
| 000 | 01239nam0 2200253 450 | |
| 001 | 2330523652 | |
| 005 | 20230924082854.77 | |
| 010 | @a978-7-5643-6719-0@dCNY65.00 | |
| 100 | @a20190605d2019 em y0chiy50 ea | |
| 101 | 0 | @achi |
| 102 | @aCN@b510000 | |
| 105 | @ay z 000yy | |
| 200 | 1 | @a民族高校卓越法律人才培养模式研究@Amin zu gao xiao zhuo yue fa lv ren cai pei yang mo shi yan jiu@f安静[等]编著 |
| 210 | @a成都@c西南交通大学出版社@d2019 | |
| 215 | @a224页@d21cm | |
| 300 | @a四川民族学院教育教学改革研究项目“民族高校应用型卓越法律人才培养模式研究——以四川民族学院藏汉双语法学专业为例”阶段性研究成果 四川民族学院教育教学改革研究项目“应用型民族高校法学人才实践能力培养模式创新研究”阶段性成果国家民委教改项目“三维构建:民族高校法学专业实践教学与评价体系”阶段性研究成果 四川民族学院学术专著出版基金资助 | |
| 304 | @a编著还有:向前、李娜、姜勇 | |
| 330 | @a本书共分五章,包括民族高校卓越法律人才培养模式概述、民族高校卓越法律人才培养模式改革与实践、卓越法律人才师资队伍建设与发展、卓越法律人才培养课程建设与改革等内容。 | |
| 606 | 0 | @a高等学校@x法律@x人才培养@x培养模式@x研究@y中国 |
| 690 | @aD92-4@v5 | |
| 690 | @aD92@v4 | |
| 701 | 0 | @a安静@Aan jing@4编著 |
| 801 | 0 | @aCN@b安徽时代@c20230923 |
| 905 | @aBZT@dD92@e28 | |
| 民族高校卓越法律人才培养模式研究/安静[等]编著.-成都:西南交通大学出版社,2019 |
| 224页;21cm |
| 四川民族学院教育教学改革研究项目“民族高校应用型卓越法律人才培养模式研究——以四川民族学院藏汉双语法学专业为例”阶段性研究成果 四川民族学院教育教学改革研究项目“应用型民族高校法学人才实践能力培养模式创新研究”阶段性成果国家民委教改项目“三维构建:民族高校法学专业实践教学与评价体系”阶段性研究成果 四川民族学院学术专著出版基金资助 |
| ISBN 978-7-5643-6719-0:CNY65.00 |
| 本书共分五章,包括民族高校卓越法律人才培养模式概述、民族高校卓越法律人才培养模式改革与实践、卓越法律人才师资队伍建设与发展、卓越法律人才培养课程建设与改革等内容。 |
| ● |
| 相关链接 |
|
|
|
正题名:民族高校卓越法律人才培养模式研究
索取号:D92/28
 
预约/预借
| 序号 | 登录号 | 条形码 | 馆藏地/架位号 | 状态 | 备注 |
| 1 | 2000919883 | 2000919883 | 315书库/四5架A面2层1列/ [索取号:D92/28] | 在馆 | |
| 2 | 2000919884 | 2000919884 | 315书库/四5架A面2层1列/ [索取号:D92/28] | 在馆 | |
| 3 | 2000919885 | 2000919885 | 315书库/四5架A面2层1列/ [索取号:D92/28] | 在馆 | |
| 4 | 2000919886 | 2000919886 | 315书库/四5架A面2层1列/ [索取号:D92/28] | 在馆 | |
| 5 | 2000919887 | 2000919887 | 315书库/四5架A面2层1列/ [索取号:D92/28] | 在馆 | |
| 6 | 2000919888 | 2000919888 | 315书库/四5架A面2层1列/ [索取号:D92/28] | 在馆 |